000
00350nam a2200157Ia 4500
008
210210b1958 xxu||||| |||| 00| 0 eng d
041
_a
eng
082
_a
828/658
100
_a
VISCOUNT (Montgomery)
245
_a
Memoirs
260
_a
London
_b
Collins
_c
1958
650
_a
Memoris
650
_a
Memoirs
690
_a
Biography
906
_a
016503
999
_c
136056
_d
136056